000 00764nam a2200217Ii 4500
003 JO-AjNU
008 230605s9999||||xx |||||||||||||| ||und||
017 _a2006/6/1434
040 _aJO-AjNU
_bara
_erda
_cJO-AjNU
041 _aara
050 1 4 _aZ665 .D59
100 3 _aدياب ، مفتاح محمد ,
_eauthor
_922256
245 0 0 _aقضايا معلوماتية اتجاهات حديثة في دراسة المعلومات
250 _aط1
264 3 1 _aعمان:مكتبة المجتمع العربي ،د.ت
300 _a175ص
336 _atext
_btxt
_2rdacontent
337 _aunmediated
_bn
_2rdamedia
338 _avolume
_bnc
_2rdacarrier
650 4 _aعلم المكتبات والمعلومات-تكنولوجيا المعلومات
_922257
999 _aA7869
_c11437
_d11437